000
00244 a2200097 4500
001
33383
100
_a
Delfs,H
245
_a
Introduction to Cryptography:Principles and Applications
260
_a
Berlin
_b
Springer
_c
2002
090
_c
22251
_d
22251
942
_a
NUST-CAE
_c
M
_c
13616
999
_c
268456
_d
268456